Normal view
MARC view
- Lock Versa Islamabad
Entry Corporate Name
001 - CONTROL NUMBER
- control field: 111776
003 - CONTROL NUMBER IDENTIFIER
- control field: NUST
005 - DATE AND TIME OF LATEST TRANSACTION
- control field: 20230410141948.0
008 - FIXED-LENGTH DATA ELEMENTS
- fixed length control field: 230410|| aca||aabn | a|a d
040 ## - CATALOGING SOURCE
- Original cataloging agency: NUST
- Transcribing agency: NUST
110 ## - HEADING--CORPORATE NAME
- Corporate name or jurisdiction name as entry element: Lock Versa Islamabad
670 ## - SOURCE DATA FOUND
- Source citation: Work cat.: (NUST)350769: Syed M Abbass 111775, Balti Lok Geet, 1985
